Normal view
MARC view
Entry Personal Name
001 - CONTROL NUMBER
- control field: 24855
003 - CONTROL NUMBER IDENTIFIER
- control field: OSt
005 - DATE AND TIME OF LATEST TRANSACTION
- control field: 20260515103833.0
008 - FIXED-LENGTH DATA ELEMENTS
- fixed length control field: 260515|| aca||aabn | a|a d
040 ## - CATALOGING SOURCE
- Original cataloging agency: OSt
- Transcribing agency: OSt
100 ## - HEADING--PERSONAL NAME
- Personal name: Ross A . Stephen
670 ## - SOURCE DATA FOUND
- Source citation: Work cat.: (OSt)22199: Ross A . Stephen, Fundamentals of Corporate Finance, 2000
